[Event "ODJM C 2023"]
[Site "Willingen GER"]
[Date "2023.05.28"]
[Round "2"]
[White "Reh, Krispin"]
[Black "Janssen, Julika"]
[Result "0-1"]
[Termination "normal"]
[Board "17"]
[WhiteElo "1083"]
[BlackElo "1286"]
[WhiteClock "00:23:14"]
[BlackClock "00:44:20"]
[PlyCount "122"]
[WhiteFideId "16299205"]
[BlackFideId "16287339"]
[EventCountry "GER"]
[EventRounds "9"]
[EventType "swiss"]
[EventDate "2023.05.27"]

1. e4 {[%clk 01:30:57]} {[%emt 00:00:02]} e5 {[%clk 01:31:12]} {[%emt
00:00:19]} 2. Nf3 {[%clk 01:31:21]} {[%emt 00:00:07]} Nc6 {[%clk 01:31:23]}
{[%emt 00:00:19]} 3. Bc4 {[%clk 01:31:44]} {[%emt 00:00:06]} Bc5 {[%clk
01:31:40]} {[%emt 00:00:13]} 4. d3 {[%clk 01:31:41]} {[%emt 00:00:34]} Nf6
{[%clk 01:31:17]} {[%emt 00:00:52]} 5. Bg5 {[%clk 01:31:40]} {[%emt 00:00:31]}
d6 {[%clk 01:30:55]} {[%emt 00:00:52]} 6. O-O {[%clk 01:31:37]} {[%emt
00:00:33]} Bg4 {[%clk 01:30:38]} {[%emt 00:00:47]} 7. h3 {[%clk 01:30:55]}
{[%emt 00:01:12]} Bh5 {[%clk 01:29:57]} {[%emt 00:01:11]} 8. c3 {[%clk
01:30:53]} {[%emt 00:00:31]} O-O {[%clk 01:25:44]} {[%emt 00:04:44]} 9. Nbd2
{[%clk 01:23:11]} {[%emt 00:08:11]} h6 {[%clk 01:21:53]} {[%emt 00:04:21]} 10.
Bh4 {[%clk 01:23:17]} {[%emt 00:00:24]} Nb8 {[%clk 01:16:36]} {[%emt 00:05:47]}
11. Nb3 {[%clk 01:22:56]} {[%emt 00:00:50]} Nbd7 {[%clk 01:14:28]} {[%emt
00:02:39]} 12. Re1 {[%clk 01:22:19]} {[%emt 00:01:07]} Re8 {[%clk 01:13:11]}
{[%emt 00:01:47]} 13. Nxc5 {[%clk 01:20:03]} {[%emt 00:02:47]} Nxc5 {[%clk
01:12:22]} {[%emt 00:01:19]} 14. d4 {[%clk 01:19:09]} {[%emt 00:01:23]} Ncd7
{[%clk 01:11:28]} {[%emt 00:01:24]} 15. d5 {[%clk 01:18:52]} {[%emt 00:00:46]}
Nc5 {[%clk 01:10:16]} {[%emt 00:01:42]} 16. Bb5 {[%clk 01:17:13]} {[%emt
00:02:09]} Rf8 {[%clk 01:10:11]} {[%emt 00:00:35]} 17. Re3 {[%clk 01:13:21]}
{[%emt 00:04:22]} a6 {[%clk 01:07:37]} {[%emt 00:03:05]} 18. Bc4 {[%clk
01:12:47]} {[%emt 00:01:04]} Ncd7 {[%clk 01:04:27]} {[%emt 00:03:40]} 19. Bb3
{[%clk 01:08:50]} {[%emt 00:04:27]} Qc8 {[%clk 01:03:39]} {[%emt 00:01:18]} 20.
c4 {[%clk 01:08:03]} {[%emt 00:01:17]} c6 {[%clk 01:01:34]} {[%emt 00:02:35]}
21. Rc1 {[%clk 01:06:46]} {[%emt 00:01:46]} c5 {[%clk 01:00:23]} {[%emt
00:01:42]} 22. Ba4 {[%clk 01:02:35]} {[%emt 00:04:41]} b5 {[%clk 00:56:40]}
{[%emt 00:04:13]} 23. cxb5 {[%clk 01:02:23]} {[%emt 00:00:42]} axb5 {[%clk
00:56:59]} {[%emt 00:00:10]} 24. Bxb5 {[%clk 01:02:17]} {[%emt 00:00:35]} Ra4
{[%emt 00:00:15]} 25. a3 Rxa3 {[%clk 00:57:16]} 26. Qb3 {[%clk 01:01:46]}
{[%emt 00:01:00]} Ra7 {[%clk 00:56:28]} {[%emt 00:01:18]} 27. Nd2 {[%clk
01:00:23]} {[%emt 00:01:52]} Rb7 {[%clk 00:54:53]} {[%emt 00:02:07]} 28. Qa4
{[%clk 00:59:52]} {[%emt 00:01:00]} Nb6 {[%clk 00:54:56]} {[%emt 00:00:27]} 29.
Qa5 {[%clk 00:59:26]} {[%emt 00:00:56]} Qd8 {[%clk 00:53:08]} {[%emt 00:02:18]}
30. Bc6 {[%clk 00:58:04]} {[%emt 00:01:52]} Rb8 {[%clk 00:52:52]} {[%emt
00:00:46]} 31. b3 {[%clk 00:51:53]} {[%emt 00:06:40]} Bg6 {[%clk 00:51:20]}
{[%emt 00:02:02]} 32. Nc4 {[%clk 00:50:55]} {[%emt 00:01:29]} Kh8 {[%clk
00:49:08]} {[%emt 00:02:42]} 33. Bxf6 {[%clk 00:49:09]} {[%emt 00:02:16]} gxf6
{[%clk 00:49:04]} {[%emt 00:00:35]} 34. Qd2 {[%clk 00:39:58]} {[%emt 00:09:40]}
Nxc4 {[%clk 00:48:41]} {[%emt 00:00:53]} 35. bxc4 {[%clk 00:39:20]} {[%emt
00:01:08]} Rg8 {[%clk 00:48:44]} {[%emt 00:00:27]} 36. Ba4 {[%clk 00:38:31]}
{[%emt 00:01:19]} f5 {[%clk 00:48:36]} {[%emt 00:00:38]} 37. Rg3 {[%clk
00:37:34]} {[%emt 00:01:28]} Qh4 {[%clk 00:48:30]} {[%emt 00:00:36]} 38. Bd1
{[%clk 00:31:16]} {[%emt 00:06:48]} Kh7 {[%clk 00:47:58]} {[%emt 00:01:02]} 39.
Ra1 {[%clk 00:29:34]} {[%emt 00:02:11]} fxe4 {[%clk 00:46:30]} {[%emt
00:01:58]} 40. Rg4 {[%clk 00:28:40]} {[%emt 00:01:25]} Qf6 {[%clk 00:46:22]}
{[%emt 00:00:37]} 41. g3 {[%clk 00:27:26]} {[%emt 00:01:44]} Bh5 {[%clk
00:43:51]} {[%emt 00:03:02]} 42. Rh4 {[%clk 00:25:14]} {[%emt 00:02:41]} Qxh4
{[%clk 00:44:02]} {[%emt 00:00:19]} 43. Kh2 {[%clk 00:24:59]} {[%emt 00:00:45]}
Qg5 {[%clk 00:43:13]} {[%emt 00:01:17]} 44. Qxg5 {[%clk 00:22:35]} {[%emt
00:02:56]} Rxg5 {[%clk 00:43:24]} {[%emt 00:00:20]} 45. h4 {[%clk 00:21:35]}
{[%emt 00:01:30]} Rf5 {[%clk 00:42:53]} {[%emt 00:01:00]} 46. Bxh5 {[%clk
00:21:03]} {[%emt 00:01:03]} Rxh5 {[%clk 00:43:07]} {[%emt 00:00:16]} 47. Kh3
{[%clk 00:21:10]} {[%emt 00:00:22]} Rb2 {[%clk 00:42:52]} {[%emt 00:00:45]} 48.
g4 {[%clk 00:20:56]} {[%emt 00:00:44]} Rb3+ {[%clk 00:43:08]} {[%emt 00:00:14]}
49. f3 {[%clk 00:21:16]} {[%emt 00:00:10]} Rxf3+ {[%clk 00:43:30]} {[%emt
00:00:09]} 50. Kg2 {[%clk 00:21:07]} {[%emt 00:00:39]} Rxh4 {[%clk 00:43:48]}
{[%emt 00:00:12]} 51. Rh1 {[%clk 00:20:59]} {[%emt 00:00:37]} Rxh1 {[%clk
00:44:04]} {[%emt 00:00:13]} 52. Kxh1 {[%clk 00:21:23]} {[%emt 00:00:06]} e3
{[%clk 00:44:29]} {[%emt 00:00:06]} 53. Kg2 {[%clk 00:21:46]} {[%emt 00:00:06]}
e2 {[%clk 00:44:48]} {[%emt 00:00:12]} 54. Kxf3 {[%clk 00:22:10]} {[%emt
00:00:06]} e1=Q {[%emt 00:00:08]} 55. g5 {[%clk 00:22:25]} {[%emt 00:00:14]}
hxg5 {[%clk 00:45:19]} {[%emt 00:00:22]} 56. Kg4 {[%clk 00:22:41]} {[%emt
00:00:13]} Qe3 {[%clk 00:45:33]} {[%emt 00:00:16]} 57. Kh5 {[%clk 00:22:28]}
{[%emt 00:00:42]} f6 {[%clk 00:45:37]} {[%emt 00:00:28]} 58. Kg4 {[%clk
00:22:49]} {[%emt 00:00:09]} Kg7 {[%clk 00:44:38]} {[%emt 00:01:29]} 59. Kf5
{[%clk 00:22:52]} {[%emt 00:00:25]} Qf4+ {[%clk 00:44:28]} {[%emt 00:00:40]}
60. Ke6 {[%clk 00:23:11]} {[%emt 00:00:12]} g4 {[%clk 00:44:03]} {[%emt
00:00:55]} 61. Kxd6 {[%clk 00:23:14]} {[%emt 00:00:26]} Qxc4 {[%clk 00:44:20]}
{[%emt 00:00:14]} 0-1

[Event "ODJM C 2023"]
[Site "Willingen GER"]
[Date "2023.05.28"]
[Round "2"]
[White "Schäfer, Amadeus"]
[Black "Gold, Finnja"]
[Result "1-0"]
[Termination "normal"]
[Board "18"]
[WhiteElo "1274"]
[BlackElo "1103"]
[WhiteClock "01:29:21"]
[BlackClock "01:21:42"]
[PlyCount "107"]
[WhiteFideId "34660585"]
[BlackFideId "34660453"]
[EventCountry "GER"]
[EventRounds "9"]
[EventType "swiss"]
[EventDate "2023.05.27"]

1. e4 {[%clk 01:30:59]} {[%emt 00:03:42]} c5 {[%clk 01:30:53]} {[%emt
00:00:07]} 2. Nf3 {[%clk 01:31:24]} {[%emt 00:00:05]} a6 {[%clk 01:31:16]}
{[%emt 00:00:07]} 3. d4 {[%clk 01:31:48]} {[%emt 00:00:06]} cxd4 {[%clk
01:31:39]} {[%emt 00:00:08]} 4. Nxd4 {[%clk 01:31:49]} {[%emt 00:00:28]} Nf6
{[%clk 01:31:58]} {[%emt 00:00:11]} 5. Nc3 {[%clk 01:32:07]} {[%emt 00:00:12]}
e5 {[%clk 01:32:17]} {[%emt 00:00:10]} 6. Nf3 {[%clk 01:32:08]} {[%emt
00:00:29]} Nc6 {[%clk 01:32:36]} {[%emt 00:00:12]} 7. Bc4 {[%clk 01:31:55]}
{[%emt 00:00:43]} Bb4 {[%clk 01:32:22]} {[%emt 00:00:45]} 8. Bd2 {[%clk
01:26:53]} {[%emt 00:05:31]} d6 {[%clk 01:30:37]} {[%emt 00:02:15]} 9. Bd5
{[%clk 01:24:28]} {[%emt 00:02:54]} Be6 {[%clk 01:28:55]} {[%emt 00:02:13]} 10.
O-O {[%clk 01:20:00]} {[%emt 00:04:58]} O-O {[%clk 01:27:38]} {[%emt 00:01:47]}
11. Re1 {[%clk 01:17:59]} {[%emt 00:02:30]} Bxd5 {[%clk 01:14:23]} {[%emt
00:13:45]} 12. Nxd5 {[%clk 01:17:30]} {[%emt 00:00:59]} Nxd5 {[%clk 01:14:36]}
{[%emt 00:00:17]} 13. exd5 {[%clk 01:17:49]} {[%emt 00:00:11]} Bxd2 {[%clk
01:14:44]} {[%emt 00:00:23]} 14. Qxd2 {[%clk 01:18:13]} {[%emt 00:00:05]} Qa5
{[%clk 01:13:38]} {[%emt 00:01:35]} 15. dxc6 {[%clk 01:18:24]} {[%emt
00:00:19]} Qxd2 {[%clk 01:13:53]} {[%emt 00:00:16]} 16. Nxd2 {[%clk 01:18:47]}
{[%emt 00:00:07]} bxc6 {[%clk 01:14:05]} {[%emt 00:00:17]} 17. Nc4 {[%clk
01:18:36]} {[%emt 00:00:41]} Rad8 {[%clk 01:14:02]} {[%emt 00:00:35]} 18. Rad1
{[%clk 01:18:48]} {[%emt 00:00:16]} d5 {[%clk 01:14:10]} {[%emt 00:00:23]} 19.
Nxe5 {[%clk 01:19:07]} {[%emt 00:00:11]} Rb8 {[%clk 01:12:42]} {[%emt
00:01:58]} 20. Nd7 {[%emt 00:00:33]} Rxb2 {[%clk 01:12:42]} {[%emt 00:00:27]}
21. Nxf8 {[%clk 01:19:27]} {[%emt 00:00:09]} Kxf8 {[%clk 01:12:59]} {[%emt
00:00:12]} 22. Rb1 {[%clk 01:19:46]} {[%emt 00:00:12]} Rxb1 {[%clk 01:13:20]}
{[%emt 00:00:10]} 23. Rxb1 {[%clk 01:20:14]} {[%emt 00:00:02]} c5 {[%clk
01:13:40]} {[%emt 00:00:11]} 24. Rb7 {[%clk 01:20:28]} {[%emt 00:00:14]} Ke8
{[%clk 01:13:53]} {[%emt 00:00:19]} 25. Kf1 {[%clk 01:20:48]} {[%emt 00:00:10]}
c4 {[%clk 01:14:12]} {[%emt 00:00:11]} 26. Ke2 {[%clk 01:21:11]} {[%emt
00:00:06]} d4 {[%clk 01:14:11]} {[%emt 00:00:32]} 27. Kf3 {[%clk 01:21:12]}
{[%emt 00:00:27]} d3 {[%clk 01:14:16]} {[%emt 00:00:27]} 28. cxd3 {[%clk
01:21:23]} {[%emt 00:00:18]} cxd3 {[%clk 01:14:41]} {[%emt 00:00:06]} 29. Ke3
{[%clk 01:21:45]} {[%emt 00:00:08]} h5 {[%clk 01:15:03]} {[%emt 00:00:09]} 30.
Kxd3 {[%clk 01:22:08]} {[%emt 00:00:07]} g5 {[%clk 01:15:23]} {[%emt 00:00:10]}
31. Ra7 {[%clk 01:22:32]} {[%emt 00:00:05]} f5 {[%clk 01:15:29]} {[%emt
00:00:25]} 32. Rxa6 {[%clk 01:22:52]} {[%emt 00:00:10]} Kd7 {[%clk 01:15:42]}
{[%emt 00:00:16]} 33. Kd4 {[%clk 01:23:14]} {[%emt 00:00:08]} h4 {[%clk
01:15:31]} {[%emt 00:00:41]} 34. Ke5 {[%clk 01:23:00]} {[%emt 00:00:43]} f4
{[%clk 01:15:47]} {[%emt 00:00:15]} 35. Kf5 {[%clk 01:23:18]} {[%emt 00:00:12]}
f3 {[%clk 01:15:38]} {[%emt 00:00:39]} 36. gxf3 {[%clk 01:23:32]} {[%emt
00:00:14]} h3 {[%clk 01:15:55]} {[%emt 00:00:14]} 37. Kxg5 {[%clk 01:23:10]}
{[%emt 00:00:51]} Ke7 {[%clk 01:16:13]} {[%emt 00:00:14]} 38. Kf5 {[%clk
01:23:37]} {[%emt 00:00:03]} Kd7 {[%clk 01:16:31]} {[%emt 00:00:12]} 39. Ke5
{[%clk 01:24:02]} {[%emt 00:00:05]} Kc7 {[%clk 01:16:53]} {[%emt 00:00:09]} 40.
Kd5 {[%clk 01:24:27]} {[%emt 00:00:04]} Kb7 {[%clk 01:17:14]} {[%emt 00:00:09]}
41. Rh6 {[%clk 01:24:53]} {[%emt 00:00:04]} Kc7 {[%clk 01:17:36]} {[%emt
00:00:08]} 42. Rg6 {[%clk 01:25:16]} {[%emt 00:00:07]} Kb7 {[%clk 01:18:01]}
{[%emt 00:00:06]} 43. Kc5 {[%clk 01:25:44]} {[%emt 00:00:01]} Ka7 {[%clk
01:18:24]} {[%emt 00:00:07]} 44. Kb5 {[%clk 01:26:04]} {[%emt 00:00:10]} Kb7
{[%clk 01:18:42]} {[%emt 00:00:13]} 45. Rg7+ {[%clk 01:26:32]} {[%emt
00:00:01]} Kc8 {[%clk 01:18:57]} {[%emt 00:00:15]} 46. Kb6 {[%clk 01:26:54]}
{[%emt 00:00:07]} Kd8 {[%clk 01:19:21]} {[%emt 00:00:07]} 47. Kc6 {[%clk
01:27:17]} {[%emt 00:00:07]} Ke8 {[%clk 01:19:46]} {[%emt 00:00:05]} 48. Kd6
{[%emt 00:00:20]} Kf8 {[%clk 01:20:00]} {[%emt 00:00:02]} 49. Ra7 {[%clk
01:27:54]} {[%emt 00:00:17]} Ke8 {[%clk 01:20:26]} {[%emt 00:00:04]} 50. Rb7
{[%clk 01:28:15]} {[%emt 00:00:08]} Kf8 {[%clk 01:20:52]} {[%emt 00:00:06]} 51.
Ke6 {[%clk 01:28:38]} {[%emt 00:00:06]} Kg8 {[%clk 01:21:17]} {[%emt 00:00:04]}
52. Kf6 {[%clk 01:29:03]} {[%emt 00:00:05]} Kh8 {[%clk 01:21:42]} {[%emt
00:00:05]} 53. Kg6 {[%clk 01:29:27]} {[%emt 00:00:06]} Kg8 {[%emt 00:00:06]}
54. Rb8# {[%clk 01:29:21]} {[%emt 00:00:03]} 1-0

[Event "ODJM C 2023"]
[Site "Willingen GER"]
[Date "2023.05.28"]
[Round "2"]
[White "Anh, David"]
[Black "Classen, Miguel"]
[Result "1/2-1/2"]
[Termination "normal"]
[Board "19"]
[WhiteElo "1041"]
[BlackElo "1200"]
[WhiteClock "00:43:33"]
[BlackClock "00:43:31"]
[PlyCount "100"]
[WhiteFideId "34639500"]
[BlackFideId "34623825"]
[EventCountry "GER"]
[EventRounds "9"]
[EventType "swiss"]
[EventDate "2023.05.27"]

1. e4 {[%clk 01:30:59]} e6 {[%clk 01:30:55]} {[%emt 00:00:06]} 2. d4 {[%clk
01:31:24]} {[%emt 00:00:04]} d5 {[%clk 01:31:21]} {[%emt 00:00:04]} 3. e5
{[%clk 01:31:49]} {[%emt 00:00:05]} c5 {[%clk 01:31:46]} {[%emt 00:00:05]} 4.
c3 {[%clk 01:32:02]} {[%emt 00:00:17]} Nc6 {[%clk 01:32:11]} {[%emt 00:00:05]}
5. Nf3 {[%clk 01:32:17]} {[%emt 00:00:15]} Qb6 {[%clk 01:32:30]} {[%emt
00:00:11]} 6. Be2 {[%clk 01:32:29]} {[%emt 00:00:17]} cxd4 {[%clk 01:32:25]}
{[%emt 00:00:34]} 7. cxd4 {[%clk 01:32:51]} {[%emt 00:00:08]} Nge7 {[%clk
01:32:24]} {[%emt 00:00:31]} 8. Na3 {[%clk 01:33:01]} {[%emt 00:00:22]} Nf5
{[%clk 01:32:36]} {[%emt 00:00:17]} 9. Nc2 {[%clk 01:33:11]} {[%emt 00:00:20]}
Be7 {[%clk 01:32:48]} {[%emt 00:00:18]} 10. O-O {[%clk 01:32:44]} {[%emt
00:00:57]} O-O {[%clk 01:32:15]} {[%emt 00:01:02]} 11. Rb1 {[%clk 01:31:25]}
{[%emt 00:01:50]} f6 {[%clk 01:31:34]} {[%emt 00:01:12]} 12. Be3 {[%clk
01:28:32]} {[%emt 00:03:23]} Nxe3 {[%clk 01:30:51]} {[%emt 00:01:12]} 13. Nxe3
{[%clk 01:28:43]} {[%emt 00:00:18]} fxe5 {[%clk 01:30:51]} {[%emt 00:00:31]}
14. dxe5 {[%clk 01:25:03]} {[%emt 00:04:09]} Qc7 {[%clk 01:30:51]} {[%emt
00:00:30]} 15. Rc1 {[%clk 01:24:31]} {[%emt 00:01:03]} Qb6 {[%clk 01:30:26]}
{[%emt 00:00:54]} 16. b3 {[%clk 01:24:12]} {[%emt 00:00:49]} Bc5 {[%clk
01:30:14]} {[%emt 00:00:42]} 17. Qd2 {[%clk 01:23:04]} {[%emt 00:01:37]} Ba3
{[%clk 01:28:28]} {[%emt 00:02:16]} 18. Rc2 {[%clk 01:21:54]} {[%emt 00:01:40]}
Nb4 {[%clk 01:26:30]} {[%emt 00:02:28]} 19. Rc3 {[%clk 01:21:55]} {[%emt
00:00:30]} Nc6 {[%clk 01:25:34]} {[%emt 00:01:26]} 20. Rc2 {[%clk 01:20:38]}
{[%emt 00:01:47]} Rd8 {[%clk 01:25:29]} {[%emt 00:00:34]} 21. Rd1 {[%clk
01:19:03]} {[%emt 00:02:05]} Bb4 {[%clk 01:24:19]} {[%emt 00:01:41]} 22. Qc1
{[%clk 01:18:17]} {[%emt 00:01:15]} Bd7 {[%clk 01:23:54]} {[%emt 00:00:54]} 23.
a3 {[%clk 01:17:49]} {[%emt 00:00:59]} Be7 {[%clk 01:23:41]} {[%emt 00:00:43]}
24. b4 {[%clk 01:17:13]} {[%emt 00:01:06]} Be8 {[%clk 01:23:21]} {[%emt
00:00:49]} 25. Rcd2 {[%clk 01:14:03]} {[%emt 00:03:40]} Bh5 {[%clk 01:22:00]}
{[%emt 00:01:51]} 26. g4 {[%clk 01:11:56]} {[%emt 00:02:38]} Bg6 {[%clk
01:21:56]} {[%emt 00:00:33]} 27. Qc3 {[%clk 01:10:21]} {[%emt 00:02:05]} a5
{[%clk 01:19:16]} {[%emt 00:03:11]} 28. b5 {[%clk 01:09:28]} {[%emt 00:01:23]}
Na7 {[%clk 01:17:32]} {[%emt 00:02:14]} 29. Qb2 {[%clk 01:09:25]} {[%emt
00:00:33]} Qc5 {[%clk 01:14:05]} {[%emt 00:03:56]} 30. Ra1 {[%clk 01:05:25]}
{[%emt 00:04:31]} Be8 {[%clk 01:11:56]} {[%emt 00:02:39]} 31. Rc2 {[%clk
01:03:53]} {[%emt 00:02:01]} Qb6 {[%clk 01:10:53]} {[%emt 00:01:31]} 32. a4
{[%clk 01:03:28]} {[%emt 00:00:57]} Nc8 {[%clk 01:08:29]} {[%emt 00:02:55]} 33.
Rac1 {[%clk 01:02:35]} {[%emt 00:01:23]} Qa7 {[%clk 01:07:24]} {[%emt
00:01:35]} 34. Rc7 {[%clk 01:01:12]} {[%emt 00:01:53]} Qb6 {[%clk 01:04:44]}
{[%emt 00:03:10]} 35. Nd4 {[%clk 00:58:52]} {[%emt 00:02:51]} Bb4 {[%clk
01:03:11]} {[%emt 00:02:03]} 36. Bd3 {[%clk 00:54:12]} {[%emt 00:05:10]} Na7
{[%clk 01:00:42]} {[%emt 00:02:59]} 37. R7c2 {[%clk 00:51:40]} {[%emt
00:03:02]} Nc8 {[%clk 00:56:23]} {[%emt 00:04:50]} 38. Nb3 {[%clk 00:50:27]}
{[%emt 00:01:42]} Ne7 {[%clk 00:55:34]} {[%emt 00:01:19]} 39. Qd4 {[%clk
00:50:12]} {[%emt 00:00:46]} Qxd4 {[%clk 00:53:22]} {[%emt 00:02:42]} 40. Nxd4
{[%clk 00:50:37]} {[%emt 00:00:05]} Bf7 {[%clk 00:52:59]} {[%emt 00:00:53]} 41.
Rc7 {[%clk 00:50:24]} {[%emt 00:00:43]} Rab8 {[%clk 00:53:01]} {[%emt
00:00:28]} 42. R7c2 {[%clk 00:49:40]} {[%emt 00:01:14]} Bg6 {[%clk 00:52:46]}
{[%emt 00:00:45]} 43. Bxg6 {[%clk 00:49:57]} {[%emt 00:00:13]} Nxg6 {[%clk
00:53:05]} {[%emt 00:00:11]} 44. Nxe6 {[%clk 00:48:43]} {[%emt 00:01:45]} Re8
{[%emt 00:02:38]} 45. Nc7 {[%clk 00:47:56]} Red8 {[%clk 00:51:50]} {[%emt
00:00:53]} 46. Ncxd5 {[%clk 00:47:50]} {[%emt 00:00:37]} Nxe5 {[%clk 00:52:00]}
{[%emt 00:00:19]} 47. Nxb4 {[%clk 00:47:37]} {[%emt 00:00:42]} axb4 {[%clk
00:51:02]} {[%emt 00:01:28]} 48. Rc7 {[%clk 00:45:24]} {[%emt 00:02:44]} Ra8
{[%clk 00:50:05]} {[%emt 00:01:25]} 49. Ra1 {[%clk 00:43:52]} {[%emt 00:02:03]}
b6 {[%clk 00:46:57]} {[%emt 00:03:38]} 50. Nc4 {[%clk 00:43:33]} {[%emt
00:00:46]} Nxg4 {[%clk 00:43:31]} {[%emt 00:03:57]} 1/2-1/2

[Event "ODJM C 2023"]
[Site "Willingen GER"]
[Date "2023.05.28"]
[Round "2"]
[White "Carstens, Finja"]
[Black "Hellmann, Alexander"]
[Result "1-0"]
[Termination "normal"]
[Board "20"]
[WhiteElo "1478"]
[BlackElo "1156"]
[WhiteClock "00:03:28"]
[BlackClock "00:29:07"]
[PlyCount "107"]
[WhiteFideId "34617841"]
[BlackFideId "34612050"]
[EventCountry "GER"]
[EventRounds "9"]
[EventType "swiss"]
[EventDate "2023.05.27"]

1. d4 {[%clk 01:30:49]} {[%emt 00:00:11]} d5 {[%clk 01:30:35]} {[%emt
00:00:24]} 2. Nc3 {[%clk 01:31:14]} {[%emt 00:00:06]} Bf5 {[%clk 01:30:11]}
{[%emt 00:00:53]} 3. Bf4 {[%clk 01:31:31]} {[%emt 00:00:13]} c6 {[%clk
01:30:08]} {[%emt 00:00:34]} 4. e3 {[%clk 01:31:37]} {[%emt 00:00:24]} Nf6
{[%clk 01:29:20]} {[%emt 00:01:17]} 5. f3 {[%clk 01:31:53]} {[%emt 00:00:15]}
e6 {[%clk 01:28:47]} {[%emt 00:01:04]} 6. g4 {[%emt 00:00:15]} Bg6 {[%clk
01:28:53]} {[%emt 00:00:21]} 7. h4 {[%clk 01:32:28]} {[%emt 00:00:12]} h6
{[%clk 01:29:07]} {[%emt 00:00:16]} 8. Bd3 {[%clk 01:30:46]} {[%emt 00:02:12]}
Bd6 {[%clk 01:28:38]} {[%emt 00:00:59]} 9. Nge2 {[%clk 01:29:29]} {[%emt
00:01:47]} Qc7 {[%clk 01:27:51]} {[%emt 00:01:17]} 10. Bxd6 {[%clk 01:28:15]}
{[%emt 00:01:44]} Qxd6 {[%clk 01:28:13]} {[%emt 00:00:08]} 11. h5 {[%clk
01:28:16]} {[%emt 00:00:28]} Bh7 {[%clk 01:27:56]} {[%emt 00:00:48]} 12. Bxh7
{[%clk 01:25:29]} {[%emt 00:03:16]} Rxh7 {[%clk 01:28:17]} {[%emt 00:00:10]}
13. Qd3 {[%clk 01:25:10]} {[%emt 00:00:49]} Nbd7 {[%clk 01:26:05]} {[%emt
00:02:42]} 14. O-O-O {[%clk 01:24:31]} {[%emt 00:01:09]} e5 {[%clk 01:23:58]}
{[%emt 00:02:37]} 15. Rhg1 {[%clk 01:16:15]} {[%emt 00:08:47]} Rh8 {[%clk
01:23:10]} {[%emt 00:01:18]} 16. e4 {[%clk 01:09:32]} {[%emt 00:07:13]} O-O-O
{[%clk 01:20:55]} {[%emt 00:02:43]} 17. exd5 {[%clk 00:53:17]} {[%emt
00:16:46]} Nxd5 {[%clk 01:20:16]} {[%emt 00:01:09]} 18. Nxd5 {[%clk 00:52:05]}
{[%emt 00:01:43]} Qxd5 {[%clk 01:20:07]} {[%emt 00:00:39]} 19. Kb1 {[%clk
00:42:51]} {[%emt 00:09:44]} Rhe8 {[%clk 01:16:10]} {[%emt 00:04:28]} 20. Qa3
{[%clk 00:42:13]} {[%emt 00:01:07]} a6 {[%clk 01:09:44]} {[%emt 00:06:55]} 21.
dxe5 {[%clk 00:39:28]} {[%emt 00:03:15]} Qxe5 {[%clk 01:09:34]} {[%emt
00:00:40]} 22. Nc3 {[%clk 00:32:39]} {[%emt 00:07:20]} Qf4 {[%clk 01:05:26]}
{[%emt 00:04:38]} 23. Ne4 {[%clk 00:31:03]} {[%emt 00:02:06]} Re6 {[%clk
01:02:14]} {[%emt 00:03:41]} 24. Rd4 {[%clk 00:26:04]} {[%emt 00:05:28]} Kc7
{[%clk 00:58:55]} {[%emt 00:03:50]} 25. Rgd1 {[%clk 00:22:24]} {[%emt
00:04:10]} Qe5 {[%clk 00:49:39]} {[%emt 00:09:45]} 26. Nc5 {[%clk 00:15:41]}
{[%emt 00:07:15]} Re7 {[%clk 00:41:05]} {[%emt 00:09:04]} 27. Qa5+ {[%clk
00:13:43]} {[%emt 00:02:27]} Kc8 {[%clk 00:38:40]} {[%emt 00:02:55]} 28. Qb4
{[%clk 00:11:19]} {[%emt 00:02:54]} Qc7 {[%clk 00:35:51]} {[%emt 00:03:19]} 29.
Nxa6 {[%clk 00:08:39]} {[%emt 00:03:10]} bxa6 {[%clk 00:35:34]} {[%emt
00:00:47]} 30. Qxe7 {[%clk 00:08:52]} {[%emt 00:00:17]} c5 {[%clk 00:32:36]}
{[%emt 00:03:28]} 31. Rd6 {[%clk 00:07:18]} {[%emt 00:02:01]} c4 {[%clk
00:30:44]} {[%emt 00:02:25]} 32. Rxa6 {[%clk 00:06:03]} {[%emt 00:01:45]} Kb7
{[%clk 00:30:05]} {[%emt 00:01:08]} 33. Rad6 {[%clk 00:05:39]} {[%emt
00:00:54]} Kc8 {[%clk 00:30:20]} {[%emt 00:00:15]} 34. Qe4 {[%clk 00:04:17]}
{[%emt 00:01:52]} Kb8 {[%clk 00:29:32]} {[%emt 00:01:19]} 35. Rc6 {[%clk
00:03:17]} {[%emt 00:01:29]} Nf6 {[%clk 00:28:40]} {[%emt 00:01:22]} 36. Rxd8+
{[%clk 00:02:36]} {[%emt 00:01:12]} Qxd8 {[%clk 00:28:28]} {[%emt 00:00:41]}
37. Qe5+ {[%clk 00:01:34]} {[%emt 00:01:32]} Ka7 {[%clk 00:27:33]} {[%emt
00:01:27]} 38. Qc7+ {[%clk 00:01:32]} {[%emt 00:00:32]} Qxc7 {[%clk 00:27:13]}
{[%emt 00:00:49]} 39. Rxc7+ {[%clk 00:01:59]} {[%emt 00:00:03]} Kb6 {[%clk
00:27:28]} {[%emt 00:00:15]} 40. Rxc4 {[%clk 00:02:09]} {[%emt 00:00:20]} Nd5
{[%clk 00:27:38]} {[%emt 00:00:20]} 41. Rd4 {[%clk 00:01:40]} {[%emt 00:00:59]}
Kc5 {[%clk 00:27:43]} {[%emt 00:00:24]} 42. c3 {[%clk 00:01:47]} {[%emt
00:00:24]} Ne3 {[%clk 00:27:10]} {[%emt 00:01:03]} 43. Rd7 {[%clk 00:01:47]}
{[%emt 00:00:29]} g6 {[%clk 00:27:00]} {[%emt 00:00:41]} 44. Rxf7 {[%clk
00:01:45]} {[%emt 00:00:32]} gxh5 {[%clk 00:27:15]} {[%emt 00:00:16]} 45. gxh5
{[%clk 00:02:02]} {[%emt 00:00:13]} Kc4 {[%clk 00:27:30]} {[%emt 00:00:09]} 46.
Rf6 {[%clk 00:02:15]} {[%emt 00:00:19]} Kd3 {[%clk 00:27:48]} {[%emt 00:00:14]}
47. Rxh6 {[%clk 00:02:16]} {[%emt 00:00:30]} Nd1 {[%clk 00:28:03]} {[%emt
00:00:15]} 48. Rd6+ {[%clk 00:02:24]} {[%emt 00:00:23]} Ke2 {[%clk 00:28:20]}
{[%emt 00:00:13]} 49. h6 {[%clk 00:02:29]} {[%emt 00:00:25]} Nxb2 {[%clk
00:28:40]} {[%emt 00:00:09]} 50. Kxb2 {[%clk 00:02:24]} {[%emt 00:00:35]} Ke1
{[%clk 00:28:46]} {[%emt 00:00:25]} 51. h7 {[%clk 00:02:41]} {[%emt 00:00:13]}
Ke2 {[%clk 00:29:02]} {[%emt 00:00:14]} 52. h8=Q {[%clk 00:03:03]} {[%emt
00:00:08]} Ke1 {[%clk 00:28:58]} {[%emt 00:00:34]} 53. Qh2 {[%clk 00:03:02]}
{[%emt 00:00:29]} Kf1 {[%clk 00:29:07]} {[%emt 00:00:22]} 54. Rd1+ {[%clk
00:03:28]} {[%emt 00:00:03]} 1-0